Lịch sử thế giới hiện đại 1945-1975

Gorde:
Xehetasun bibliografikoak
Egile nagusia: Nguyễn Anh Thái
Formatua: Liburua
Hizkuntza:Undetermined
Argitaratua: Hà Nội Giáo dục 1986
Gaiak:
Etiketak: Etiketa erantsi
Etiketarik gabe, Izan zaitez lehena erregistro honi etiketa jartzen!
Thư viện lưu trữ: Trung tâm Học liệu Trường Đại học Cần Thơ
LEADER 00550nam a2200169Ia 4500
001 CTU_10152
008 210402s9999 xx 000 0 und d
082 |a 909.82 
082 |b Th103/1986 
100 |a Nguyễn Anh Thái 
245 0 |a Lịch sử thế giới hiện đại 1945-1975 
245 0 |c Nguyễn Anh Thái, Nguyễn Ngọc Quế, Phan Văn Ban 
260 |a Hà Nội 
260 |b Giáo dục 
260 |c 1986 
650 |a world history - 20th century 
980 |a Trung tâm Học liệu Trường Đại học Cần Thơ